000 00664nam a22002177a 4500
003 UA-OsUOA
001 114815
007 ta
008 20151123b un ||||| |||| 00| 0 ukr d
100 _aБабіченко В.
090 _a330(477)
_bБ12
942 _cSA
040 _aUA-OsUOA
_bukr
_cUA-OsUOA
_dUA-OsUOA
245 _aФормування глобальної інформаційної економіки: роль корпоративного сектору
300 _aС.20-24
955 _a0
041 _aukr
080 _a330(477)
773 0 _w114812
_tЕкономіст
_dК.
_d2015
_g10
650 7 _a330 Економіка взагалі
_2UDC
999 _c401011
_d401011